Il montacarichi /
Uloženo v:
| Hlavní autor: | |
|---|---|
| Médium: | Kniha |
| Jazyk: | italština |
| Vydáno: |
Milano :
Rizzoli,
2021
|
| Tagy: |
Žádné tagy, Buďte první, kdo vytvoří štítek k tomuto záznamu!
|
MARC
| LEADER | 00000nam a22000007i 4500 | ||
|---|---|---|---|
| 001 | IT\ICCU\VIA\0517727 | ||
| 003 | ItRI | ||
| 005 | 20251021160023.0 | ||
| 008 | 230327s2021 it |||||| ||||| |||||c | ||
| 040 | |b ita |c Arcigay Viterbo | ||
| 041 | 7 | |a ita |2 ISO-639-2 | |
| 100 | 1 | |a Dard, Frédéric |0 IT\ICCU\CFIV\012593 | |
| 240 | 1 | 3 | |a Le monte-charge |9 Dard, Frédéric |
| 245 | 1 | 3 | |a Il montacarichi / |c Frédéric Dard ; traduzione di Elena Cappellini. |
| 260 | |a Milano : |b Rizzoli, |c 2021 | ||
| 300 | |a 155 p. ; |c 20 cm | ||
| 500 | |a Campione gratuito fuori commercio | ||
| 942 | |2 ddc |c BK |n 0 | ||
| 952 | |0 0 |1 0 |2 ddc |4 0 |6 843_914000000000000_DAR_MON |7 0 |9 9759 |a VT |b VT |d 2025-10-21 |e Dono della Biblioteca Consorziale di Viterbo |i B343 |l 0 |o 843.914 DAR MON |p B343 |r 2025-10-21 16:03:07 |w 2025-10-21 |y BK |z Dono della Biblioteca Consorziale di Viterbo | ||
| 981 | 1 | |6 z01 |a i |b xxxe | |
| 982 | 1 | |6 z01 |a n | |
| 999 | |c 8141 |d 8141 | ||